Composer Surnames - Statistics

General Stats
  • This quiz has been taken 134 times
  • The average score is 20 of 25
Answer Stats
Hint Answer % Correct
Ludwig van Beethoven
97%
Johann Sebastian Bach
96%
Wolfgang Amadeus Mozart
96%
Pyotr Ilyich Tchaikovsky
88%
Frédéric Chopin
87%
Claude Debussy
86%
Leonard Bernstein
84%
Igor Stravinsky
84%
Felix Mendelssohn
81%
Dmitri Shostakovich
81%
Antonio Vivaldi
81%
Sergei Rachmaninov
80%
Richard Wagner
80%
Béla Bartók
79%
Franz Schubert
74%
Aaron Copland
73%
Edward Elgar
73%
Johannes Brahms
71%
Gustav Mahler
71%
Maurice Ravel
71%
Joseph Haydn
70%
Camille Saint-Saëns
69%
Erik Satie
66%
Robert Schumann
65%
Gabriel Fauré
61%
No matching quizzes found
Score Distribution
Percent of People with Each Score
Percentile by Number Answered
Your Score History
You have not taken this quiz